000 00292pam a2200121 a 4500
020 _c
041 _h
082 _a743.8
_bVAZ
100 _aPundalik Vaze.
245 _aThe Art of Shading Objects
_hTextual Documents
260 _a[s.l]:
_bJyotsna Publication, Pune,
_c2015.
930 _a7367
999 _c241157
_d241157